Owl Trivia - Statistics

General Stats
  • This quiz has been taken 9 times
  • The average score is 9 of 16
Answer Stats
Hint Answer % Correct
Name of Harry Potter's pet owl Hedwig
100%
A cat meows and a horse neighs. What does an owl do? Hoots
89%
What makes up roughly 90% of a barn owl's diet? Rodents
89%
Species of owl the above is {Snowy} owl
89%
Part of an owl's body that is shaped more like a tube than a traditional sphere Eye
78%
Collection of birds that includes owls, eagles, hawks, and vultures Birds of prey
67%
Word used to refer to a group of owls Parliament
67%
Largest species of owl in the world in terms of length Great {gray} owl
56%
Emperor who had his death foreshadowed by an owl, according to Shakespeare Julius Caesar
56%
Smallest owl species, measuring 5–6 inches tall {Elf} owl
44%
Maximum degree (approximately) that an owl can turn its head in either direction 270
33%
Canadian province that has the great horned owl as its official bird Alberta
33%
Disney animated film with a talking pet owl named Archimedes The Sword in the Stone
22%
Lead singer of the solo electronic band Owl City Adam Young
11%
DC Comics organization that is composed of wealthy criminals in Gotham City {Court} of Owls
11%
Zack Snyder animated movie about owls on the island kingdom of Ga'Hoole Legend of the Guardians
11%
No matching quizzes found
Score Distribution
Percent of People with Each Score
Percentile by Number Answered
Your Score History
You have not taken this quiz